000
00267nam a22001097a 4500
999
_c
166768
_d
166768
082
_a
_b
100
_a
Parasuram Chaturvedi
245
_a
Santh sahithya ke preran srothru/
_c
by Parasuram Chaturvedi.
260
_a
New Delhi:
_b
Rajpal,
_c
650
_a
942
_c
BK